000 00291 a2200121 4500
001 146516
040 _cEscola São Tomás de Aquino
100 _aROCHA, Ruth
240 1 0 _aA cinderela das bonecas
_lpor
245 1 0 _aA cinderela das bonecas
697 _a*LITERATURA INFANTO
942 _cBK
999 _c146516
_d146516